005290000a22001210004500090001400000245010700014041001400121100002700135942001300162773004000175999001700215952017500232 aARb0445010aScarabaeidae (Coleoptera) copronecrófagos interesantes del departamento de río San Juan, Nicaragua0 aEspañol1 aBarbero, Enrico998094 cARTICULO1 tRev. Nica. Ent.h51-54q11-21d2001 c13549d13549 001040718HEMEROTECAaBogotabBogotad2007-09-26eOspina, MónicahFuera de circulaciónl0oAR 04450p025294r2015-03-25 00:00:00t1w2015-03-25xEntregadoyARTICULO